| 000 | 01800cam a2200337 i 4500 | ||
|---|---|---|---|
| 003 | Ost | ||
| 005 | 20240919134548.0 | ||
| 008 | 240917s2012 su g 000r0 ara c | ||
| 020 | _a9786039027072 | ||
| 024 | 0 | _a00000000299106 | |
| 040 |
_aKAC _bara _cSA-RiAUC _erda |
||
| 043 | _aa-su--- | ||
| 082 | 0 | 4 |
_a071.531 _qSA-RiAUC |
| 090 |
_a071.531 _b خ ي ا |
||
| 100 | 1 |
_aخياط، عبد الله عمر عبد الرحمن، _d1355 هجري- _eمؤلف. |
|
| 245 | 1 | 0 |
_aصحافة الأمس والغد / _cعبد الله عمر عبد الرحمن خياط. |
| 250 | _aالطبعة الثالثة. | ||
| 264 | 1 |
_aجدة، السعودية : _bعبد الله عمر عبد الرحمن خياط، _c2012 |
|
| 264 | 3 |
_aجدة، السعودية : _bمطابع سحر |
|
| 300 |
_a223 صفحة ؛ _c24 × 17 سم. |
||
| 336 |
_aنص _btxt _2rdacontent _3كتاب |
||
| 337 |
_aبدون وسيط _bn _2rdamedia |
||
| 338 |
_aمجلد _bnc _2rdacarrier |
||
| 490 | 1 |
_aالمجموعة الكاملة ؛ _v6 |
|
| 504 | _aيشتمل على إرجاعات ببليوجرافية. | ||
| 505 | 0 | _aالمحتويات : الفصل الأول : نشوء الصحافة-الفصل الثاني : تطور الصحافة-الفصل الثالث : مهمام الصحافة-الفصل الرابع : الصحفي رجل المهام الكثيرة-الفصل الخامس : الصحافة صناعة-الفصل السادس : نشوء الصحافة في الحجاز-الفصل السابع : الانطلاقة الأولى للصحافة في العهد السعودي الزاهر ... وموضوعات أخرى. | |
| 650 | 7 |
_aالصحافة _zالسعودية _xتاريخ _2aucsh |
|
| 830 | 2 |
_aالمجموعة الكاملة _v6 |
|
| 942 |
_2ddc _cBOOK |
||
| 949 |
_aSA-JeALM _d240917 _umohamedma123 _n1 |
||
| 999 |
_c402 _d402 |
||